[Event "Abe Yanofsky mem U1800"]
[Site "Winnipeg CAN"]
[Date "2008.08.31"]
[Round "5"]
[White "Letain, Cory"]
[Black "Gannon, Keith"]
[Result "0-1"]
[WhiteElo "1500"]
[BlackElo "1659"]
[PlyCount "45"]
[GameId "2160767910328338"]
[EventDate "2008.08.29"]
[EventType "swiss"]
[EventRounds "5"]
[EventCountry "CAN"]
[SourceTitle "EXT 2019"]
[Source "ChessBase"]
[SourceDate "2018.10.10"]
[SourceVersion "1"]
[SourceVersionDate "2018.10.10"]
[SourceQuality "1"]

1. d4 d5 2. c4 e6 3. cxd5 exd5 4. Nf3 Nc6 5. Nc3 Bd6 6. Nxd5 Bg4 7. e3 Bxh2 8. Rxh2 Qxd5 9. Be2 O-O-O 10. Qc2 Bf5 11. Bd3 Bxd3 12. Qxd3 Nf6 13. a3 Ne4 14. Nd2 Nxd2 15. Bxd2 g6 16. O-O-O h5 17. Kb1 Rhe8 18. Bc3 Ne5 19. Qc2 Ng4 20. Rh4 Qxg2 21. Qa4 Kb8 22. d5 Qxf2 23. Rd2 0-1

[Event "Abe Yanofsky mem U1800"]
[Site "Winnipeg CAN"]
[Date "2008.08.31"]
[Round "5"]
[White "Magnusson, Saul"]
[Black "Green, Leah"]
[Result "1-0"]
[WhiteElo "1447"]
[BlackElo "1183"]
[PlyCount "55"]
[GameId "2160767910328339"]
[EventDate "2008.08.29"]
[EventType "swiss"]
[EventRounds "5"]
[EventCountry "CAN"]
[SourceTitle "EXT 2019"]
[Source "ChessBase"]
[SourceDate "2018.10.10"]
[SourceVersion "1"]
[SourceVersionDate "2018.10.10"]
[SourceQuality "1"]

1. e4 e5 2. Nf3 Nc6 3. Bc4 h6 4. d4 exd4 5. c3 Nf6 6. e5 Ng4 7. O-O Ngxe5 8. Nxe5 Nxe5 9. Re1 dxc3 10. Rxe5+ Be7 11. Nxc3 d6 12. Re1 O-O 13. Nd5 Re8 14. Qh5 c6 15. Rxe7 Rxe7 16. Nxe7+ Qxe7 17. Bd2 d5 18. Re1 Qc7 19. Re8+ Kh7 20. Bd3+ f5 21. Bxf5+ Bxf5 22. Rxa8 Bg6 23. Qf3 Qe7 24. Rxa7 Be4 25. Qe3 Qh4 26. Rxb7 Qh5 27. f3 Bg6 28. Qe7 1-0

[Event "Abe Yanofsky mem U1800"]
[Site "Winnipeg CAN"]
[Date "2008.08.31"]
[Round "5"]
[White "Raihman, Daniel"]
[Black "Ott, Richard"]
[Result "1-0"]
[WhiteElo "1742"]
[BlackElo "1398"]
[PlyCount "63"]
[GameId "2160767910328341"]
[EventDate "2008.08.29"]
[EventType "swiss"]
[EventRounds "5"]
[EventCountry "CAN"]
[SourceTitle "EXT 2019"]
[Source "ChessBase"]
[SourceDate "2018.10.10"]
[SourceVersion "1"]
[SourceVersionDate "2018.10.10"]
[SourceQuality "1"]

1. e4 c5 2. Nf3 d6 3. d4 cxd4 4. Nxd4 Nf6 5. Nc3 a6 6. Be3 e6 7. Qd2 b5 8. a3 Ng4 9. Bg5 Be7 10. Bxe7 Qxe7 11. Be2 Nf6 12. O-O-O Bb7 13. Nf3 Nbd7 14. Rhe1 Nxe4 15. Nxe4 Bxe4 16. Bxb5 axb5 17. Rxe4 d5 18. Ree1 O-O 19. Qxd5 Nb6 20. Qxb5 Rfc8 21. Qxb6 Rab8 22. Qd6 Qf6 23. Qe5 Qg6 24. Rd2 Kf8 25. Qg3 Qf5 26. Ne5 Rb7 27. Nd7+ Rxd7 28. Ree2 Rxd2 29. Rxd2 Qb5 30. Qh4 Qf1+ 31. Rd1 Rd8 32. Qxd8# 1-0

[Event "Abe Yanofsky mem U1800"]
[Site "Winnipeg CAN"]
[Date "2008.08.31"]
[Round "5"]
[White "Swift, Ryne"]
[Black "Wasserman, Arie"]
[Result "0-1"]
[WhiteElo "1450"]
[BlackElo "1663"]
[PlyCount "104"]
[GameId "2160767910328343"]
[EventDate "2008.08.29"]
[EventType "swiss"]
[EventRounds "5"]
[EventCountry "CAN"]
[SourceTitle "EXT 2019"]
[Source "ChessBase"]
[SourceDate "2018.10.10"]
[SourceVersion "1"]
[SourceVersionDate "2018.10.10"]
[SourceQuality "1"]

1. e4 e5 2. Nf3 Nc6 3. d4 exd4 4. Nxd4 Qf6 5. c3 Bc5 6. Be3 Nge7 7. Bc4 Ne5 8. Bb5 a6 9. Ba4 Nc4 10. Qe2 Nxe3 11. Qxe3 b5 12. Bb3 Nc6 13. Bd5 Nxd4 14. cxd4 Bxd4 15. e5 Bxe3 16. exf6 Bd4 17. fxg7 Rg8 18. Nc3 c6 19. Be4 b4 20. Nd1 Rxg7 21. Rc1 d5 22. Bf3 Bb7 23. O-O Kd7 24. Re1 Rag8 25. Rc2 f6 26. g3 f5 27. Rd2 c5 28. Kh1 Kd6 29. Ne3 Bxe3 30. Rxe3 f4 31. Re4 fxg3 32. hxg3 d4 33. Rf4 Bxf3+ 34. Rxf3 Rg6 35. Rf5 Kc6 36. Rc2 Re8 37. Rfxc5+ Kb6 38. Rh5 d3 39. Rd2 Rc6 40. Kg2 Rc2 41. Rd1 Rxb2 42. Rh6+ Kb5 43. Rxh7 Rxa2 44. g4 Ka4 45. g5 Kb3 46. g6 Kc2 47. g7 Rg8 48. Re1 d2 49. Re2 Ra1 50. f4 Re1 51. Rxd2+ Kxd2 52. f5 Re7 0-1

[Event "Abe Yanofsky mem U1800"]
[Site "Winnipeg CAN"]
[Date "2008.08.31"]
[Round "5"]
[White "Trinidad, Kris"]
[Black "Pang, Michael"]
[Result "1-0"]
[WhiteElo "1493"]
[BlackElo "1417"]
[PlyCount "113"]
[GameId "2160767910328344"]
[EventDate "2008.08.29"]
[EventType "swiss"]
[EventRounds "5"]
[EventCountry "CAN"]
[SourceTitle "EXT 2019"]
[Source "ChessBase"]
[SourceDate "2018.10.10"]
[SourceVersion "1"]
[SourceVersionDate "2018.10.10"]
[SourceQuality "1"]

1. e4 c5 2. Nf3 d6 3. d4 cxd4 4. Nxd4 Nf6 5. Nc3 a6 6. Be2 g6 7. Be3 Bg7 8. O-O Nc6 9. Qd2 O-O 10. Rfd1 Ng4 11. Bxg4 Bxg4 12. f3 Bd7 13. Nd5 Rc8 14. c3 Ne5 15. b3 e6 16. Nb4 Qc7 17. Rac1 Rfd8 18. Bg5 f6 19. Bh4 a5 20. Nd3 Qb6 21. Bf2 Nxd3 22. Qxd3 Qc7 23. Nb5 Bxb5 24. Qxb5 Qb8 25. Qxa5 Rc6 26. c4 Ra6 27. Qd2 Qa8 28. Rc2 f5 29. exf5 exf5 30. Qd5+ Kh8 31. Rdd2 Re8 32. Bg3 Qa7+ 33. Kf1 Ra5 34. Qxd6 Be5 35. Bxe5+ Raxe5 36. Qd4 Qxd4 37. Rxd4 Re1+ 38. Kf2 Rh1 39. Rd7 Ree1 40. Re2 Rxe2+ 41. Kxe2 Rxh2 42. Kf2 Rh1 43. Rxb7 Rb1 44. c5 Rb2+ 45. Kg1 Rc2 46. b4 h5 47. Rf7 g5 48. Rxf5 Rxa2 49. c6 Rc2 50. Rc5 Rb2 51. c7 Rb1+ 52. Kh2 g4 53. c8=Q+ Kg7 54. Qd7+ Kh6 55. Qd6+ Kg7 56. Rc7+ Kg8 57. Qd8# 1-0

[Event "Abe Yanofsky mem U1800"]
[Site "Winnipeg CAN"]
[Date "2008.08.31"]
[Round "5"]
[White "Wasserman, Leor"]
[Black "Barkman, Daniel"]
[Result "0-1"]
[WhiteElo "1486"]
[BlackElo "1576"]
[PlyCount "96"]
[GameId "2160767910328346"]
[EventDate "2008.08.29"]
[EventType "swiss"]
[EventRounds "5"]
[EventCountry "CAN"]
[SourceTitle "EXT 2019"]
[Source "ChessBase"]
[SourceDate "2018.10.10"]
[SourceVersion "1"]
[SourceVersionDate "2018.10.10"]
[SourceQuality "1"]

1. e4 e6 2. d4 d5 3. exd5 exd5 4. Nf3 Bd6 5. Bd3 Ne7 6. O-O O-O 7. Bg5 Bg4 8. c4 dxc4 9. Bxc4 Nbc6 10. Nc3 Nxd4 11. Qxd4 Bxf3 12. Qh4 Bc6 13. Rfe1 Re8 14. Rad1 Qd7 15. Bxe7 Rxe7 16. Rxe7 Qxe7 17. Qh3 Rd8 18. Rc1 g6 19. Nb5 Bxb5 20. Bxb5 Qg5 21. Qe3 Qxb5 22. Qh6 Qxb2 23. g3 Qxa2 24. Re1 Bc5 25. Rf1 Rd1 26. Qf4 Rxf1+ 27. Kxf1 Qxf2+ 28. Qxf2 Bxf2 29. Kxf2 Kf8 30. Ke3 Ke7 31. Kf4 f6 32. g4 a5 33. g5 f5 34. h4 a4 35. h5 a3 36. hxg6 hxg6 37. Ke3 a2 38. Kd3 a1=Q 39. Kc4 Kd6 40. Kd3 Kd5 41. Ke3 Qd4+ 42. Kf3 Qe4+ 43. Kg3 Kd4 44. Kh2 Ke3 45. Kg3 Qf4+ 46. Kh3 Qg4+ 47. Kh2 Kf2 48. Kh1 Qg2# 0-1

[Event "Abe Yanofsky mem U1800"]
[Site "Winnipeg CAN"]
[Date "2008.08.31"]
[Round "5"]
[White "Webb, Calvin"]
[Black "Einarsson, Ken"]
[Result "1/2-1/2"]
[WhiteElo "1621"]
[BlackElo "1669"]
[PlyCount "100"]
[GameId "2160767910328347"]
[EventDate "2008.08.29"]
[EventType "swiss"]
[EventRounds "5"]
[EventCountry "CAN"]
[SourceTitle "EXT 2019"]
[Source "ChessBase"]
[SourceDate "2018.10.10"]
[SourceVersion "1"]
[SourceVersionDate "2018.10.10"]
[SourceQuality "1"]

1. d4 d5 2. c4 e6 3. Nc3 Nf6 4. Nf3 c6 5. Bg5 Be7 6. e3 O-O 7. Qc2 Nbd7 8. Bd3 h6 9. Bh4 Re8 10. O-O dxc4 11. Bxc4 Nd5 12. Bxe7 Qxe7 13. a3 N7f6 14. Bd3 Bd7 15. b4 Rac8 16. Rfc1 b5 17. Ne4 Nxe4 18. Bxe4 f5 19. Bd3 Qd6 20. Qd2 Ne7 21. Rc5 Ng6 22. Rac1 e5 23. dxe5 Nxe5 24. Nxe5 Rxe5 25. Rxe5 Qxe5 26. Qc3 Qxc3 27. Rxc3 g6 28. Kf1 Kf7 29. f4 Re8 30. Kf2 Kf6 31. Rc5 a6 32. h4 h5 33. Kf3 Rc8 34. Bc2 Be6 35. e4 Bd7 36. e5+ Ke7 37. Ke3 Be6 38. g3 Bd5 39. Bd3 Ke6 40. Rc3 Ra8 41. Kd4 Kd7 42. Kc5 Kc7 43. Bc2 Rd8 44. Rd3 Rd7 45. Rd2 Rg7 46. Bd1 Rg8 47. Bc2 a5 48. Bd3 axb4 49. axb4 Rb8 50. Be2 Kd7 1/2-1/2

[Event "Abe Yanofsky mem U1800"]
[Site "Winnipeg CAN"]
[Date "2008.08.31"]
[Round "5"]
[White "Wood, Nathaniel"]
[Black "Tait, Bruce"]
[Result "1-0"]
[WhiteElo "1586"]
[BlackElo "1263"]
[PlyCount "45"]
[GameId "2160767910328348"]
[EventDate "2008.08.29"]
[EventType "swiss"]
[EventRounds "5"]
[EventCountry "CAN"]
[SourceTitle "EXT 2019"]
[Source "ChessBase"]
[SourceDate "2018.10.10"]
[SourceVersion "1"]
[SourceVersionDate "2018.10.10"]
[SourceQuality "1"]

1. e4 c6 2. d4 d5 3. Nc3 dxe4 4. Nxe4 Bf5 5. Ng3 Bg6 6. Nf3 Nd7 7. h4 h5 8. Bd3 Bxd3 9. Qxd3 Ngf6 10. Bd2 e6 11. O-O-O Qb6 12. Rhe1 Be7 13. Ng5 Nd5 14. Rxe6 g6 15. Nxf7 Rf8 16. Ne4 Qc7 17. Ned6+ Qxd6 18. Nxd6+ Kd8 19. c4 Nf4 20. Bxf4 Rxf4 21. Nxb7+ Kc7 22. Rxe7 Raf8 23. Nc5 1-0

[Event "Abe Yanofsky mem."]
[Site "Winnipeg CAN"]
[Date "2008.08.29"]
[Round "1"]
[White "Boron, Anthony"]
[Black "Klokow, John"]
[Result "1-0"]
[WhiteElo "1992"]
[BlackElo "1764"]
[PlyCount "90"]
[GameId "2160767910328349"]
[EventDate "2008.08.29"]
[EventType "swiss"]
[EventRounds "5"]
[EventCountry "CAN"]
[SourceTitle "EXT 2011"]
[Source "ChessBase"]
[SourceDate "2011.11.26"]
[SourceVersion "1"]
[SourceVersionDate "2011.11.26"]
[SourceQuality "1"]

1. d4 d5 2. Nf3 Bg4 3. Ne5 Bh5 4. c3 Nd7 5. Bf4 e6 6. Qb3 Rb8 7. Nd2 Ngf6 8. Qa4 a6 9. Ndf3 Be7 10. e3 O-O 11. h3 Nb6 12. Qc2 Rc8 13. b4 Ne4 14. Bd3 f6 15. Ng4 Bg6 16. h4 Qe8 17. a4 Bf5 18. Ngh2 Bd6 19. g4 e5 20. gxf5 exf4 21. Bxe4 Qxe4 22. Qxe4 dxe4 23. Nd2 fxe3 24. Nxe4 exf2+ 25. Kxf2 Nd5 26. Ng4 Rfe8 27. Kf3 Re7 28. Rhg1 Kf7 29. a5 Rce8 30. Nxd6+ cxd6 31. Rac1 h5 32. Nf2 Re3+ 33. Kg2 Nf4+ 34. Kh2 Ne2 35. Rgd1 Nxc1 36. Rxc1 Rf3 37. Kg2 Rxf5 38. Rc2 Re3 39. c4 Rf4 40. d5 Rxh4 41. c5 Rxb4 42. cxd6 g5 43. Rc8 Re8 44. d7 Rf8 45. Rxf8+ Kxf8 1-0

[Event "Abe Yanofsky mem."]
[Site "Winnipeg CAN"]
[Date "2008.08.29"]
[Round "1"]
[White "Greenberg, Harley"]
[Black "Lauritson, Jim"]
[Result "1-0"]
[WhiteElo "1730"]
[BlackElo "1950"]
[PlyCount "69"]
[GameId "2160767910328350"]
[EventDate "2008.08.29"]
[EventType "swiss"]
[EventRounds "5"]
[EventCountry "CAN"]
[SourceTitle "EXT 2011"]
[Source "ChessBase"]
[SourceDate "2011.11.26"]
[SourceVersion "1"]
[SourceVersionDate "2011.11.26"]
[SourceQuality "1"]

1. d4 Nf6 2. c4 e6 3. Nf3 b6 4. g3 Ba6 5. Qc2 d5 6. cxd5 exd5 7. Bg2 Be7 8. Nc3 O-O 9. Ne5 Bb7 10. O-O c6 11. Rd1 Nbd7 12. e4 Rc8 13. Nxd7 Qxd7 14. e5 Ne8 15. Be3 f6 16. Qa4 b5 17. Qb3 a5 18. a4 b4 19. exf6 Nxf6 20. Ne4 Nxe4 21. Bxe4 Qg4 22. Bd3 Bf6 23. Qc2 g6 24. Qc5 Rce8 25. Qxa5 Rxe3 26. fxe3 Bg5 27. Rf1 Rf3 28. Kg2 Rxe3 29. Qc7 Be7 30. Qxb7 Qxd4 31. Rad1 Qxb2+ 32. Rf2 Qc3 33. Rdf1 Qxd3 34. Qc8+ Kg7 35. Rf7+ 1-0

[Event "Abe Yanofsky mem."]
[Site "Winnipeg CAN"]
[Date "2008.08.29"]
[Round "1"]
[White "Hogeveen Rutter, Alexander"]
[Black "Melamedoff, Gustavo"]
[Result "0-1"]
[WhiteElo "1870"]
[BlackElo "2042"]
[PlyCount "102"]
[GameId "2160767910328351"]
[EventDate "2008.08.29"]
[EventType "swiss"]
[EventRounds "5"]
[EventCountry "CAN"]
[SourceTitle "EXT 2011"]
[Source "ChessBase"]
[SourceDate "2011.11.26"]
[SourceVersion "1"]
[SourceVersionDate "2011.11.26"]
[SourceQuality "1"]

1. e4 c6 2. d4 d5 3. e5 c5 4. c3 Nc6 5. Bb5 Qb6 6. Bxc6+ bxc6 7. Ne2 cxd4 8. cxd4 e6 9. O-O Ba6 10. Nbc3 Bb4 11. Qc2 Bxc3 12. bxc3 Ne7 13. Ba3 Bc4 14. Rfb1 Qa6 15. Bxe7 Kxe7 16. Nc1 Rab8 17. Rxb8 Rxb8 18. Qxh7 Qa4 19. h3 Qd1+ 20. Kh2 Rb2 21. Rb1 Qd2 22. Rxb2 Qxb2 23. Qh4+ Kd7 24. Qf4 Ke8 25. Qe3 a5 26. Nb3 Bxb3 27. axb3 Qxb3 28. Qg3 g6 29. Qh4 Qa3 30. Qh8+ Qf8 31. Qf6 a4 32. Qf4 a3 33. Qc1 Qe7 34. c4 Qa7 35. cxd5 cxd5 36. Qc6+ Kf8 37. Qd6+ Qe7 38. Qa6 Kg7 39. Qa5 Qg5 40. Qxa3 Qf4+ 41. Qg3 Qxd4 42. f4 Qe4 43. Qh4 Qf5 44. g3 d4 45. Qd8 d3 46. Kg2 Qe4+ 47. Kg1 Qe1+ 48. Kg2 Qe2+ 49. Kg1 d2 50. Qf6+ Kg8 51. Qd8+ Kh7 0-1

[Event "Abe Yanofsky mem."]
[Site "Winnipeg CAN"]
[Date "2008.08.29"]
[Round "1"]
[White "Kaptsan, Aron"]
[Black "Thompson, Brian"]
[Result "1/2-1/2"]
[WhiteElo "2046"]
[BlackElo "1873"]
[PlyCount "67"]
[GameId "2160767910328352"]
[EventDate "2008.08.29"]
[EventType "swiss"]
[EventRounds "5"]
[EventCountry "CAN"]
[SourceTitle "EXT 2011"]
[Source "ChessBase"]
[SourceDate "2011.11.26"]
[SourceVersion "1"]
[SourceVersionDate "2011.11.26"]
[SourceQuality "1"]

1. d4 d5 2. c4 e6 3. Nc3 Nf6 4. Bg5 Be7 5. e3 O-O 6. Nf3 h6 7. Bh4 b6 8. cxd5 Nxd5 9. Bxe7 Qxe7 10. Bc4 Bb7 11. O-O Nxc3 12. bxc3 c5 13. Ne5 cxd4 14. cxd4 Nd7 15. Nxd7 Qxd7 16. Qd3 Rfd8 17. Rfd1 Rac8 18. Ba6 Bxa6 19. Qxa6 Rc2 20. Qd3 Rdc8 21. Rd2 Qc6 22. f3 Qc3 23. Qxc3 R8xc3 24. Rxc2 Rxc2 25. Kf1 Kf8 26. a4 Ke7 27. a5 Kd6 28. axb6 axb6 29. Ra7 Rc7 30. Rxc7 Kxc7 31. Ke2 Kd6 32. Kd3 e5 33. e4 exd4 34. Kxd4 1/2-1/2

[Event "Abe Yanofsky mem."]
[Site "Winnipeg CAN"]
[Date "2008.08.29"]
[Round "1"]
[White "Khedkar, Jay S"]
[Black "Nikouline, Alexandre"]
[Result "0-1"]
[WhiteElo "1914"]
[BlackElo "2138"]
[PlyCount "82"]
[GameId "2160767910328353"]
[EventDate "2008.08.29"]
[EventType "swiss"]
[EventRounds "5"]
[EventCountry "CAN"]
[SourceTitle "EXT 2011"]
[Source "ChessBase"]
[SourceDate "2011.11.26"]
[SourceVersion "1"]
[SourceVersionDate "2011.11.26"]
[SourceQuality "1"]

1. e4 c5 2. Nf3 Nc6 3. d4 cxd4 4. Nxd4 Nf6 5. Nc3 e5 6. Ndb5 d6 7. Nd5 Nxd5 8. exd5 Nb8 9. c4 Be7 10. Be2 O-O 11. Be3 f5 12. f4 Bf6 13. Qd2 a6 14. Nc3 Nd7 15. g3 Nc5 16. O-O Re8 17. Bf3 exf4 18. Bxf4 b5 19. cxb5 axb5 20. Rfe1 b4 21. Nb5 Be5 22. Bxe5 Rxe5 23. Rxe5 dxe5 24. d6 e4 25. Qd5+ Be6 26. Qxc5 exf3 27. Nc7 Rxa2 28. Rxa2 Bxa2 29. Nd5 Qd7 30. Ne7+ Kf7 31. Qxf5+ Qxf5 32. Nxf5 Be6 33. Nd4 Bd5 34. d7 Ke7 35. Nf5+ Kxd7 36. Nxg7 Be4 37. Nh5 Ke6 38. Kf2 Kd5 39. Ke3 Kc4 40. Nf4 Kb3 41. Kxe4 f2 0-1

[Event "Abe Yanofsky mem."]
[Site "Winnipeg CAN"]
[Date "2008.08.29"]
[Round "1"]
[White "Lipnowski, Samuel"]
[Black "Liu, Weixi"]
[Result "1/2-1/2"]
[WhiteElo "2277"]
[BlackElo "1942"]
[PlyCount "92"]
[GameId "2160767910328354"]
[EventDate "2008.08.29"]
[EventType "swiss"]
[EventRounds "5"]
[EventCountry "CAN"]
[SourceTitle "EXT 2011"]
[Source "ChessBase"]
[SourceDate "2011.11.26"]
[SourceVersion "1"]
[SourceVersionDate "2011.11.26"]
[SourceQuality "1"]

1. e4 e6 2. d4 d5 3. Nc3 dxe4 4. Nxe4 Nd7 5. Nf3 Ngf6 6. Bd3 Nxe4 7. Bxe4 Nf6 8. Bd3 c5 9. O-O cxd4 10. Nxd4 Be7 11. c3 O-O 12. Qe2 a6 13. Bf4 Bd6 14. Bg5 Re8 15. Rad1 Bd7 16. Bb1 Be7 17. Nf3 Nd5 18. Bc1 Qc7 19. c4 Nf6 20. Ne5 Rad8 21. Bf4 Bd6 22. Bg3 Bc8 23. Rfe1 b6 24. b3 Bb7 25. h3 Ba8 26. Qc2 Qb7 27. f3 Qc7 28. Bh2 Bb7 29. Kh1 Kf8 30. Rxd6 Rxd6 31. Ng4 Nxg4 32. hxg4 e5 33. g5 Rg6 34. Qd2 Rge6 35. Bf5 Qd6 36. Qc3 R6e7 37. Bg1 g6 38. Bc2 Kg8 39. Rd1 Qe6 40. Qb4 a5 41. Qc3 Rc8 42. Qb2 Bxf3 43. gxf3 Qh3+ 44. Bh2 Qxf3+ 45. Kg1 Qe3+ 46. Kh1 Qf3+ 1/2-1/2

[Event "Abe Yanofsky mem."]
[Site "Winnipeg CAN"]
[Date "2008.08.29"]
[Round "1"]
[White "Oberton, Daniel"]
[Black "Green, Jim"]
[Result "1-0"]
[WhiteElo "1946"]
[BlackElo "1702"]
[PlyCount "59"]
[GameId "2160767910328355"]
[EventDate "2008.08.29"]
[EventType "swiss"]
[EventRounds "5"]
[EventCountry "CAN"]
[SourceTitle "EXT 2011"]
[Source "ChessBase"]
[SourceDate "2011.11.26"]
[SourceVersion "1"]
[SourceVersionDate "2011.11.26"]
[SourceQuality "1"]

1. e4 d6 2. d4 Nf6 3. Nc3 c6 4. f4 Qa5 5. Bd2 Qb6 6. Bc1 e5 7. Nf3 exd4 8. Qxd4 Qxd4 9. Nxd4 Be7 10. Bd3 Nbd7 11. Nf5 g6 12. Nxe7 Kxe7 13. Be2 Kf8 14. O-O Nc5 15. Bf3 Bg4 16. b3 Bxf3 17. gxf3 Rg8 18. e5 dxe5 19. fxe5 Nfd7 20. Ba3 Kg7 21. Rad1 Rge8 22. b4 Nxe5 23. bxc5 Nc4 24. Bc1 Ne3 25. Bxe3 Rxe3 26. Rd3 Re5 27. Rb1 Rxc5 28. Rxb7 Re8 29. Ne4 Rxc2 30. Rdd7 1-0

[Event "Abe Yanofsky mem."]
[Site "Winnipeg CAN"]
[Date "2008.08.29"]
[Round "1"]
[White "Richmond, Barrie"]
[Black "Baragar, Fletcher"]
[Result "0-1"]
[WhiteElo "1940"]
[BlackElo "2258"]
[PlyCount "54"]
[GameId "2160767910328356"]
[EventDate "2008.08.29"]
[EventType "swiss"]
[EventRounds "5"]
[EventCountry "CAN"]
[SourceTitle "EXT 2011"]
[Source "ChessBase"]
[SourceDate "2011.11.26"]
[SourceVersion "1"]
[SourceVersionDate "2011.11.26"]
[SourceQuality "1"]

1. d4 Nf6 2. c4 e6 3. g3 d5 4. Bg2 Be7 5. Nf3 O-O 6. O-O dxc4 7. Qc2 a6 8. Qxc4 b5 9. Qc2 Bb7 10. Nbd2 Nc6 11. e3 Nb4 12. Qb1 c5 13. a3 Nc6 14. dxc5 Bxc5 15. b4 Bb6 16. Bb2 Qe7 17. Nb3 Rfd8 18. Rc1 Rd6 19. Nc5 Bxc5 20. Rxc5 Rad8 21. Qc2 h6 22. Bxf6 Qxf6 23. Rc1 Nxb4 24. axb4 Bxf3 25. Bxf3 Qxf3 26. Rb1 Rd2 27. Qc3 Rxf2 0-1

[Event "Abe Yanofsky mem."]
[Site "Winnipeg CAN"]
[Date "2008.08.29"]
[Round "1"]
[White "Rutter, Blair"]
[Black "Schulz, Waldemar"]
[Result "0-1"]
[WhiteElo "1881"]
[BlackElo "2054"]
[PlyCount "58"]
[GameId "2160767910328357"]
[EventDate "2008.08.29"]
[EventType "swiss"]
[EventRounds "5"]
[EventCountry "CAN"]
[SourceTitle "EXT 2011"]
[Source "ChessBase"]
[SourceDate "2011.11.26"]
[SourceVersion "1"]
[SourceVersionDate "2011.11.26"]
[SourceQuality "1"]

1. c4 Nf6 2. g3 e6 3. Bg2 d5 4. d3 c6 5. Nc3 dxc4 6. d4 Nbd7 7. e4 Be7 8. f4 O-O 9. Nf3 a6 10. O-O b5 11. a3 Bb7 12. h3 c5 13. d5 exd5 14. e5 Ne4 15. Nxe4 dxe4 16. Nd2 f5 17. exf6 Nxf6 18. Qe2 Qd3 19. Re1 Qxg3 20. Nf1 Qg6 21. Be3 Rad8 22. Qf2 Nd5 23. Ng3 Nxe3 24. Rxe3 Bh4 25. Rae1 Rd3 26. Kh2 Bxg3+ 27. Rxg3 Rxg3 28. Qxg3 Qxg3+ 29. Kxg3 Re8 0-1

[Event "Abe Yanofsky mem."]
[Site "Winnipeg CAN"]
[Date "2008.08.29"]
[Round "1"]
[White "Vincent, Trevor"]
[Black "Araullo, Paolo"]
[Result "1-0"]
[WhiteElo "2214"]
[BlackElo "1920"]
[PlyCount "69"]
[GameId "2160767910328358"]
[EventDate "2008.08.29"]
[EventType "swiss"]
[EventRounds "5"]
[EventCountry "CAN"]
[SourceTitle "EXT 2011"]
[Source "ChessBase"]
[SourceDate "2011.11.26"]
[SourceVersion "1"]
[SourceVersionDate "2011.11.26"]
[SourceQuality "1"]

1. c4 e5 2. g3 Nf6 3. Bg2 g6 4. Nc3 Bg7 5. e4 O-O 6. Nge2 d6 7. O-O Be6 8. d3 Nc6 9. h3 Nd7 10. Nd5 f5 11. exf5 gxf5 12. f4 Nc5 13. fxe5 dxe5 14. Be3 Nd4 15. Nxd4 exd4 16. Bf4 Rc8 17. Qd2 c6 18. Bg5 Qd7 19. Ne7+ Kh8 20. Nxc8 Rxc8 21. Rae1 b5 22. b3 bxc4 23. bxc4 Na4 24. Bh6 Bf6 25. g4 Rg8 26. Qf4 Nc3 27. g5 Bg7 28. Bxg7+ Rxg7 29. Qb8+ Bg8 30. Qe5 Nxa2 31. Rf4 Nb4 32. Rxd4 Qf7 33. Rd8 Qg6 34. Rxg8+ Kxg8 35. Qb8+ 1-0

[Event "Abe Yanofsky mem."]
[Site "Winnipeg CAN"]
[Date "2008.08.29"]
[Round "1"]
[White "Willis, Bradley"]
[Black "Bince, Rolando"]
[Result "1-0"]
[WhiteElo "2063"]
[BlackElo "1911"]
[PlyCount "43"]
[GameId "2160767910328359"]
[EventDate "2008.08.29"]
[EventType "swiss"]
[EventRounds "5"]
[EventCountry "CAN"]
[SourceTitle "EXT 2011"]
[Source "ChessBase"]
[SourceDate "2011.11.26"]
[SourceVersion "1"]
[SourceVersionDate "2011.11.26"]
[SourceQuality "1"]

1. e4 e6 2. d4 d5 3. Nc3 Nf6 4. Bg5 Be7 5. e5 Nfd7 6. h4 Bxg5 7. hxg5 Qxg5 8. Nh3 Qe7 9. Qg4 f5 10. Qg3 Nf8 11. O-O-O Bd7 12. Nf4 Nc6 13. Nfxd5 exd5 14. Nxd5 f4 15. Qxf4 Ne6 16. Qe4 Qf7 17. f4 O-O-O 18. g3 Ncxd4 19. Rxd4 Nxd4 20. Qxd4 Bc6 21. Qxa7 Qxd5 22. Bh3+ 1-0

[Event "Abe Yanofsky mem."]
[Site "Winnipeg CAN"]
[Date "2008.08.30"]
[Round "2"]
[White "Araullo, Paolo"]
[Black "Hogeveen Rutter, Alexander"]
[Result "1-0"]
[WhiteElo "1920"]
[BlackElo "1870"]
[PlyCount "47"]
[GameId "2160767910328360"]
[EventDate "2008.08.29"]
[EventType "swiss"]
[EventRounds "5"]
[EventCountry "CAN"]
[SourceTitle "EXT 2011"]
[Source "ChessBase"]
[SourceDate "2011.11.26"]
[SourceVersion "1"]
[SourceVersionDate "2011.11.26"]
[SourceQuality "1"]

1. e4 c5 2. Nf3 Nc6 3. d4 cxd4 4. Nxd4 g6 5. Nc3 Bg7 6. Be3 d6 7. Qd2 Nf6 8. f3 O-O 9. O-O-O Nxd4 10. Bxd4 Be6 11. g4 a5 12. h4 a4 13. a3 h5 14. Bxf6 exf6 15. gxh5 gxh5 16. Qxd6 Qxd6 17. Rxd6 f5 18. Bd3 fxe4 19. Nxe4 Rfc8 20. f4 Kf8 21. Ng5 Ke7 22. Rb6 Bd5 23. Re1+ Kd8 24. Rd6+ 1-0

[Event "Abe Yanofsky mem."]
[Site "Winnipeg CAN"]
[Date "2008.08.30"]
[Round "2"]
[White "Baragar, Fletcher"]
[Black "Boron, Anthony"]
[Result "1-0"]
[WhiteElo "2258"]
[BlackElo "1992"]
[PlyCount "49"]
[GameId "2160767910328361"]
[EventDate "2008.08.29"]
[EventType "swiss"]
[EventRounds "5"]
[EventCountry "CAN"]
[SourceTitle "EXT 2011"]
[Source "ChessBase"]
[SourceDate "2011.11.26"]
[SourceVersion "1"]
[SourceVersionDate "2011.11.26"]
[SourceQuality "1"]

1. d4 d5 2. c4 c6 3. Nf3 Nf6 4. Nc3 e6 5. e3 dxc4 6. Bxc4 b5 7. Bd3 Bb7 8. e4 a6 9. O-O Be7 10. Bg5 Nbd7 11. e5 b4 12. Ne4 Nxe4 13. Bxe7 Qxe7 14. Bxe4 O-O 15. Rc1 Rfc8 16. Qa4 Nb6 17. Qa5 Nd5 18. Rc5 Qc7 19. Qxc7 Rxc7 20. Bxd5 exd5 21. Rfc1 Re7 22. Ne1 a5 23. f4 g6 24. Nd3 Ba6 25. Rxa5 1-0